| 000 | 00000nam 2200000zi 4500 |
| 001 | 9.936368 |
| 003 | CaOODSP |
| 005 | 20240409093014 |
| 006 | m o d f |
| 007 | cr mn||||||||| |
| 008 | 240405t20242024quca o f000 0 eng d |
| 040 | |aCaOODSP|beng|erda|cCaOODSP |
| 043 | |an-cn--- |
| 086 | 1 |aEn4-76/1-2024E-PDF |
| 110 | 1 |aCanada. |bEnvironment and Climate Change Canada, |eauthor, |eissuing body. |
| 245 | 10|aEnvironment and Climate Change Canada : |bscience strategy 2024 to 2029 : executive summary. |
| 264 | 1|aGatineau Quebec : |bEnvironment and Climate Change Canada = Environnement et changement climatique Canada, |c[2024] |
| 264 | 4|c©2024 |
| 300 | |a1 online resource (11 pages) : |bcolour illustrations |
| 336 | |atext|btxt|2rdacontent |
| 337 | |acomputer|bc|2rdamedia |
| 338 | |aonline resource|bcr|2rdacarrier |
| 500 | |aIssued also in French under title: Environnement et changement climatique Canada : stratégie pour les sciences 2024 à 2029 : sommaire exécutif. |
| 500 | |a"EC23198"--Verso of cover. |
| 500 | |aThe PDF copy has been replaced [9 April 2024] as requested by the publisher. |
| 610 | 10|aCanada. |bEnvironment and Climate Change Canada|xPlanning. |
| 650 | 0|aEnvironmental sciences|zCanada. |
| 650 | 0|aEnvironmental protection|xResearch|zCanada. |
| 775 | 08|tEnvironnement et changement climatique Canada : |w(CaOODSP)9.936371 |
| 856 | 40|qPDF|s2.97 MB|uhttps://publications.gc.ca/collections/collection_2024/eccc/en4/En4-76-1-2024-eng.pdf |